| 000 | 00520nam a2200205Ia 4500 | ||
|---|---|---|---|
| 003 | GCL | ||
| 008 | 140319s9999 xx 000 0 eng d | ||
| 040 |
_aGCL / _cGCL |
||
| 082 | 0 | 4 |
_a551.46733 _bG R |
| 100 | 1 | _aGHISOTTI, ANDREA | |
| 245 | 1 | 0 |
_aRED SEA: DIVING GUIDE / _cGHISOTTI, ANDREA |
| 700 | 1 | _aCORLETTI, ALESSANDRO | |
| 260 |
_a[S.N] : _bA. A. GODDIS AND SONS PUBLISHERS ، _c1995 |
||
| 300 | _a168 P | ||
| 650 | 0 | 4 | _aFISHES |
| 650 | 0 | 4 | _aRED SEA |
| 650 | 0 | 4 | _aDIVING |
| 650 | 0 | 4 | _aCORALS |
| 942 |
_2ddc _cBK |
||
| 999 |
_c13262 _d13262 |
||